[Event "Politiken Cup"]
[Site "Copenhagen"]
[Date "2006.07.23"]
[Round "2.8"]
[White "Howell, David"]
[Black "Soraas, Torben"]
[Result "1-0"]
[WhiteElo "2479"]
[BlackElo "2115"]
[PlyCount "81"]
[EventDate "2006.??.??"]

1. e4 e6 2. d4 d5 3. Nd2 dxe4 4. Nxe4 Nd7 5. Nf3 Ngf6 6. Nxf6+ Nxf6 7. c3 c5 8.
Be3 Qc7 9. Bd3 Bd6 10. dxc5 Bxc5 11. Bxc5 Qxc5 12. Qe2 O-O 13. O-O b6 14. Rae1
Bb7 15. Nd4 g6 16. f4 Rad8 17. h3 Nd5 18. Be4 Rd7 19. Kh1 Rfd8 20. Qf3 Ba6 21.
Rf2 Nf6 22. Bc6 Rd6 23. b4 Qc4 24. b5 Bc8 25. Re5 Nd5 26. Bxd5 Rxd5 27. Nc6
Rd1+ 28. Kh2 R8d3 29. Re3 Bd7 30. Ne5 Rxe3 31. Qxd1 Qxb5 32. Qd4 Rxe5 33. Qxe5
Qxe5 34. fxe5 Kf8 35. Kg3 Ke7 36. Kf4 h6 37. Ke4 Bc6+ 38. Kd4 Be8 39. g4 Kd7
40. h4 Kc6 41. h5 1-0

[Event "Politiken Cup"]
[Site "Copenhagen"]
[Date "2006.07.23"]
[Round "2.9"]
[White "Kaaber, Jacob"]
[Black "Rasmussen, Karsten"]
[Result "0-1"]
[WhiteElo "2117"]
[BlackElo "2467"]
[PlyCount "72"]
[EventDate "2006.??.??"]

1. e4 c6 2. d4 d5 3. Nc3 dxe4 4. Nxe4 Bf5 5. Ng3 Bg6 6. h4 h6 7. Nf3 Nd7 8. h5
Bh7 9. Bd3 Bxd3 10. Qxd3 e6 11. Bf4 Ngf6 12. O-O-O Nd5 13. Bd2 Nb4 14. Qb3 a5
15. Kb1 a4 16. Qe3 Nd5 17. Qe2 b5 18. c3 a3 19. b3 Qb6 20. Ne5 Nxe5 21. dxe5
Be7 22. f4 O-O-O 23. Ne4 Rd7 24. Qf2 Qxf2 25. Nxf2 Rhd8 26. Kc2 f5 27. Nd3 c5
28. Nf2 c4 29. b4 Rf8 30. Rh3 Bd8 31. Be3 Bc7 32. Bc5 Rfd8 33. Rf3 Kb7 34. Rd4
Bb6 35. Bxb6 Kxb6 36. Kb1 Nxc3+ 0-1

[Event "Politiken Cup"]
[Site "Copenhagen"]
[Date "2006.07.23"]
[Round "2.10"]
[White "Boros, Denes"]
[Black "Holstein, Erik"]
[Result "1-0"]
[WhiteElo "2462"]
[BlackElo "2105"]
[PlyCount "79"]
[EventDate "2006.??.??"]

1. e4 e6 2. d4 d5 3. Nc3 Bb4 4. e5 c5 5. a3 Bxc3+ 6. bxc3 Ne7 7. Qg4 O-O 8. Bd3
Qa5 9. Bd2 f5 10. exf6 Rxf6 11. Qh5 Nf5 12. dxc5 Nd7 13. g4 g6 14. Qg5 Ne7 15.
f4 Qxc5 16. Nf3 e5 17. Nxe5 Nxe5 18. Qxf6 Nf3+ 19. Ke2 Bxg4 20. Be3 Qc7 21. h3
Bh5 22. Raf1 d4 23. cxd4 Ne5+ 24. Kd2 Nc4+ 25. Ke1 Nxe3 26. Qe6+ Kf8 27. Qxe3
Re8 28. Kf2 Nf5 29. Qd2 Ne3 30. Kg3 Nxf1+ 31. Rxf1 Qd6 32. Qb4 Re3+ 33. Kg2 Ke7
34. Re1 Rxe1 35. Qxe1+ Kd8 36. Qe5 Qxa3 37. d5 Qb4 38. d6 Qd2+ 39. Kg3 Kd7 40.
Bb5+ 1-0

[Event "Politiken Cup"]
[Site "Copenhagen"]
[Date "2006.07.23"]
[Round "2.11"]
[White "Christensen, Janus"]
[Black "Aagaard, Jacob"]
[Result "0-1"]
[WhiteElo "2100"]
[BlackElo "2457"]
[PlyCount "64"]
[EventDate "2006.??.??"]

1. e4 c5 2. c3 Nf6 3. e5 Nd5 4. d4 cxd4 5. cxd4 e6 6. f4 Bb4+ 7. Bd2 Qb6 8. Nf3
Nc6 9. Nc3 Nxd4 10. Nxd4 Qxd4 11. Nxd5 Qxd5 12. Bxb4 Qe4+ 13. Be2 Qxb4+ 14. Qd2
Qb6 15. Rd1 O-O 16. Qc3 d5 17. exd6 Bd7 18. Rd4 Rfc8 19. Qd2 a5 20. O-O Rc2 21.
Qxc2 Qxd4+ 22. Kh1 Qxd6 23. Rd1 Qc6 24. Qd2 Be8 25. Bf3 Qc7 26. h4 Rc8 27. h5
h6 28. Qd4 Bc6 29. Bg4 Bd5 30. Qa4 Qc2 31. Qxc2 Rxc2 32. Bh3 Rxb2 0-1

[Event "Politiken Cup"]
[Site "Copenhagen"]
[Date "2006.07.23"]
[Round "2.12"]
[White "Kristiansen, Jens"]
[Black "Rutherford, Elaine"]
[Result "1-0"]
[WhiteElo "2425"]
[BlackElo "2093"]
[PlyCount "67"]
[EventDate "2006.??.??"]

1. e4 d5 2. exd5 Qxd5 3. Nc3 Qa5 4. d4 Nf6 5. Nf3 c6 6. Be2 g6 7. O-O Bg7 8.
Bg5 O-O 9. Ne5 Be6 10. Qd2 Rd8 11. Rad1 Nbd7 12. Nc4 Bxc4 13. Bxc4 Nb6 14. Bb3
c5 15. Qe2 cxd4 16. Nb5 a6 17. Nc7 Rac8 18. Qxe7 Rd7 19. Bxf7+ Kh8 20. Qxf6 Rf8
21. Qe6 Rdxf7 22. Be7 Rf6 23. Bxf6 Rxf6 24. Qb3 Qe5 25. Qg3 Qe4 26. Rfe1 Qxc2
27. Ne8 Re6 28. Nxg7 Kxg7 29. Qf3 Rf6 30. Qe2 Qxe2 31. Rxe2 Rc6 32. g3 Rc4 33.
Red2 Rb4 34. b3 1-0

[Event "Politiken Cup"]
[Site "Copenhagen"]
[Date "2006.07.23"]
[Round "2.13"]
[White "Fogh, Jens Olaf Svanholm"]
[Black "Hoi, Carsten"]
[Result "0-1"]
[WhiteElo "2093"]
[BlackElo "2386"]
[PlyCount "72"]
[EventDate "2006.??.??"]

1. d4 Nf6 2. Nf3 g6 3. Bf4 d6 4. Nbd2 Bg7 5. h3 O-O 6. c3 Nbd7 7. e4 Nh5 8. Bg5
h6 9. g4 Nhf6 10. Bh4 e5 11. g5 hxg5 12. Bxg5 Qe8 13. d5 c6 14. c4 cxd5 15.
cxd5 Nc5 16. Bxf6 Bxf6 17. Qe2 Bd7 18. O-O-O Rc8 19. Kb1 Kg7 20. Qe3 Rh8 21.
Rh2 b5 22. Ng5 Qe7 23. Ndf3 Rh5 24. Rg2 Rch8 25. h4 Bxg5 26. hxg5 Nxe4 27. Bd3
Nc5 28. Bc2 Rh3 29. Rg3 Rh1 30. Rgg1 Rxg1 31. Rxg1 Rh3 32. Qe2 Qe8 33. Rc1 Bg4
34. Qf1 Rxf3 35. Qg2 Rf4 36. Bd1 Bf5+ 0-1

[Event "Politiken Cup"]
[Site "Copenhagen"]
[Date "2006.07.23"]
[Round "2.14"]
[White "Tjiam, Dharma"]
[Black "Lauritsen, Martin Lee"]
[Result "1-0"]
[WhiteElo "2391"]
[BlackElo "2080"]
[PlyCount "47"]
[EventDate "2006.??.??"]

1. d4 Nf6 2. c4 e6 3. Nf3 b6 4. a3 Bb7 5. Nc3 Be7 6. d5 d6 7. e4 O-O 8. Bd3 e5
9. h3 Nbd7 10. g4 c6 11. Be3 cxd5 12. cxd5 Nc5 13. Bc2 a5 14. Rc1 Qc7 15. O-O
Ba6 16. Re1 Rfc8 17. b4 axb4 18. axb4 Ncd7 19. Ba4 h6 20. Bc6 Bb7 21. Nb5 Qb8
22. Nh4 Nxd5 23. exd5 Bxc6 24. dxc6 1-0

[Event "Politiken Cup"]
[Site "Copenhagen"]
[Date "2006.07.23"]
[Round "2.15"]
[White "Olsson, Tomas"]
[Black "Jakobsen, Ole"]
[Result "0-1"]
[WhiteElo "2084"]
[BlackElo "2387"]
[PlyCount "38"]
[EventDate "2006.??.??"]

1. e4 c5 2. Nf3 Nc6 3. d4 cxd4 4. Nxd4 Qb6 5. Nb3 Nf6 6. Nc3 e6 7. Be3 Qc7 8.
Bd3 d6 9. f4 a6 10. Qf3 b5 11. g4 Bb7 12. g5 Nd7 13. Qh3 Nc5 14. O-O b4 15. Nb1
O-O-O 16. Nxc5 dxc5 17. Nd2 Kb8 18. g6 fxg6 19. Qxe6 Bc8 0-1

[Event "Politiken Cup"]
[Site "Copenhagen"]
[Date "2006.07.23"]
[Round "2.16"]
[White "Antonsen, Mikkel"]
[Black "Hyldkrog, Lars"]
[Result "1-0"]
[WhiteElo "2380"]
[BlackElo "2074"]
[PlyCount "95"]
[EventDate "2006.??.??"]

1. d4 Nf6 2. c4 e6 3. Nc3 Bb4 4. Qc2 O-O 5. a3 Bxc3+ 6. Qxc3 d6 7. Bg5 Nbd7 8.
Nf3 c5 9. dxc5 Nxc5 10. Nd2 b6 11. b4 Ncd7 12. e3 Bb7 13. Qb2 Rc8 14. Rc1 h6
15. Bh4 Rc7 16. f3 Qc8 17. Be2 b5 18. O-O bxc4 19. Nxc4 d5 20. Nd6 Qd8 21. Nxb7
Rxb7 22. Rc6 Rb6 23. Rfc1 Rxc6 24. Rxc6 Nb8 25. Rc2 Nbd7 26. Qc3 Qb6 27. Bf2 e5
28. b5 Nh5 29. Qc6 Nhf6 30. Qc3 Nh5 31. Qc7 Nhf6 32. a4 Ra8 33. a5 Qe6 34. Qc6
Qe8 35. Rc1 e4 36. f4 g5 37. fxg5 hxg5 38. Bg3 Kg7 39. Bf1 Qd8 40. Qc3 Kg6 41.
Bc7 Qh8 42. Qd4 Qh4 43. Bg3 Qh5 44. Rc7 a6 45. b6 Nf8 46. b7 Rb8 47. Rc6 Ne6
48. Rxe6 1-0

[Event "Politiken Cup"]
[Site "Copenhagen"]
[Date "2006.07.23"]
[Round "2.17"]
[White "Thomassen, Thomas"]
[Black "Degtiarev, Evgeny"]
[Result "0-1"]
[WhiteElo "2079"]
[BlackElo "2378"]
[PlyCount "62"]
[EventDate "2006.??.??"]

1. Nf3 d5 2. d4 Nf6 3. c4 c6 4. Nc3 a6 5. c5 Bg4 6. Ne5 Be6 7. Qb3 Ra7 8. Bf4
g6 9. h3 Bg7 10. e3 O-O 11. Bd3 Nfd7 12. Nf3 f6 13. e4 Bf7 14. exd5 cxd5 15.
O-O Nc6 16. Na4 e5 17. dxe5 fxe5 18. Bg5 Nf6 19. Bc2 e4 20. Ne1 h6 21. Bf4 Nd4
22. Qe3 Nf5 23. Qa3 d4 24. Rd1 Nd5 25. Bd6 Re8 26. Rc1 d3 27. Nxd3 exd3 28.
Bxd3 Nxd6 29. cxd6 b5 30. Nc5 b4 31. Qa5 Qxa5 0-1

[Event "Politiken Cup"]
[Site "Copenhagen"]
[Date "2006.07.23"]
[Round "2.18"]
[White "Bromann, Thorbjorn"]
[Black "Urkedal, Frode"]
[Result "1/2-1/2"]
[WhiteElo "2364"]
[BlackElo "2070"]
[PlyCount "139"]
[EventDate "2006.??.??"]

1. d4 Nf6 2. Nc3 d5 3. Bg5 Nbd7 4. Nf3 c6 5. e3 Qa5 6. Nd2 e6 7. a3 Bd6 8. Bd3
e5 9. Bf5 O-O 10. O-O Re8 11. Bh4 Qc7 12. Bg3 exd4 13. Bxd6 Qxd6 14. exd4 Qf4
15. Bxd7 Bxd7 16. Ne2 Qh6 17. Ng3 Bg4 18. f3 Bd7 19. Re1 Qg6 20. c3 Rxe1+ 21.
Qxe1 Qc2 22. Qc1 Qd3 23. Nb3 b6 24. Qd2 Qxd2 25. Nxd2 Re8 26. Kf2 g5 27. b4 h5
28. a4 h4 29. Ne2 Bf5 30. a5 Bd3 31. Nc1 Bb5 32. axb6 axb6 33. Ra7 Rb8 34. Nb1
Ne8 35. Na3 Nd6 36. Rc7 Ba4 37. Ra7 Bb5 38. g3 hxg3+ 39. hxg3 Kf8 40. Rc7 Ba4
41. Ra7 Bb5 42. Rc7 Ba4 43. Nd3 f6 44. Ra7 Bb3 45. Ke1 Rb7 46. Ra8+ Ke7 47. g4
Ke6 48. f4 gxf4 49. Nxf4+ Kf7 50. Rh8 Re7+ 51. Kd2 Re4 52. Rh7+ Kg8 53. Rd7 Ne8
54. Nh5 Rxg4 55. Re7 Rg2+ 56. Ke3 Kf8 57. Rb7 Ra2 58. Nb1 Nd6 59. Rb8+ Kf7 60.
Nd2 Bd1 61. Nf4 Bg4 62. Rd8 Nf5+ 63. Kd3 Ne7 64. Rb8 Bf5+ 65. Ke2 b5 66. Rb7
Rc2 67. Nd3 Rxc3 68. Nc5 Bg4+ 69. Kf2 Rc2 70. Ke3 1/2-1/2

[Event "Politiken Cup"]
[Site "Copenhagen"]
[Date "2006.07.23"]
[Round "2.19"]
[White "Rhee, Alexander"]
[Black "Matthiesen, Arne"]
[Result "1-0"]
[WhiteElo "2072"]
[BlackElo "2358"]
[PlyCount "75"]
[EventDate "2006.??.??"]

1. e4 c5 2. Nf3 Nc6 3. d4 cxd4 4. Nxd4 g6 5. Nc3 Bg7 6. Be3 Nf6 7. Bc4 Qa5 8.
O-O O-O 9. Nb3 Qc7 10. Be2 d6 11. f4 a6 12. Bf3 Be6 13. g4 b5 14. g5 Nd7 15.
Bg2 b4 16. Ne2 Bc4 17. Rf3 Bxe2 18. Qxe2 a5 19. c3 a4 20. Nd4 a3 21. Rc1 axb2
22. Qxb2 Nxd4 23. cxd4 Qa5 24. Bf2 d5 25. exd5 Nb6 26. Rc5 Qxc5 27. dxc5 Bxb2
28. cxb6 Rxa2 29. Bc5 Rb8 30. Rd3 Ba3 31. d6 b3 32. Bxa3 Rxa3 33. dxe7 b2 34.
Rd8+ Kg7 35. Be4 Raa8 36. e8=Q Rxd8 37. Qe5+ Kg8 38. Qxb2 1-0

[Event "Politiken Cup"]
[Site "Copenhagen"]
[Date "2006.07.23"]
[Round "2.21"]
[White "Marder, Simon"]
[Black "Tallaksen, Geir S"]
[Result "0-1"]
[WhiteElo "2069"]
[BlackElo "2356"]
[PlyCount "48"]
[EventDate "2006.??.??"]

1. Nc3 d5 2. e4 e6 3. d4 Bb4 4. e5 c5 5. a3 Bxc3+ 6. bxc3 Qc7 7. Rb1 b6 8. Qg4
f5 9. Qg3 Ba6 10. Ne2 Qf7 11. Qe3 Nd7 12. a4 Ne7 13. Ba3 O-O 14. Nf4 Bxf1 15.
Kxf1 Rfc8 16. Ne2 cxd4 17. Nxd4 Nc6 18. Nxc6 Rxc6 19. a5 f4 20. Qe2 Rxc3 21.
Rb3 Rxb3 22. cxb3 Qf5 23. g4 Qxe5 24. Qxe5 Nxe5 0-1

[Event "Politiken Cup"]
[Site "Copenhagen"]
[Date "2006.07.23"]
[Round "2.22"]
[White "Rasmussen, Allan Stig"]
[Black "Eriksson, Christian"]
[Result "1-0"]
[WhiteElo "2353"]
[BlackElo "1982"]
[PlyCount "67"]
[EventDate "2006.??.??"]

1. e4 c5 2. d3 Nc6 3. f4 d5 4. Be2 g6 5. c3 Bg7 6. Nf3 Bg4 7. h3 Bxf3 8. Bxf3
e6 9. O-O Nge7 10. Qe1 O-O 11. g4 Re8 12. Qf2 Rc8 13. Bg2 f5 14. exf5 exf5 15.
Na3 d4 16. c4 Nb4 17. Rd1 Qd7 18. g5 a6 19. Nc2 Nxc2 20. Qxc2 Nc6 21. Qf2 Re7
22. a3 Rce8 23. Bd2 b5 24. Qf3 Nd8 25. Qd5+ Qxd5 26. Bxd5+ Kf8 27. cxb5 axb5
28. Rac1 Re3 29. Rxc5 Rxd3 30. Rc8 Ree3 31. Bb4+ Ke8 32. Rxd3 Rxd3 33. Bc6+ Kf7
34. Rxd8 1-0

[Event "Politiken Cup"]
[Site "Copenhagen"]
[Date "2006.07.23"]
[Round "2.23"]
[White "Forsaa, Espen"]
[Black "Zozulia, Anna"]
[Result "0-1"]
[WhiteElo "2065"]
[BlackElo "2352"]
[PlyCount "70"]
[EventDate "2006.??.??"]

1. e4 g6 2. d4 Bg7 3. Nc3 c6 4. Be3 d6 5. g4 b5 6. a3 a6 7. h4 h5 8. gxh5 Rxh5
9. Be2 Rh8 10. h5 gxh5 11. Rxh5 Rxh5 12. Bxh5 Nf6 13. Qf3 Qd7 14. O-O-O Nxh5
15. Qxh5 Qg4 16. Qh7 Nd7 17. Bh6 Bf8 18. Bxf8 Qf4+ 19. Rd2 Nxf8 20. Qh1 Bd7 21.
Qf3 Ng6 22. Qxf4 Nxf4 23. Nge2 Nh3 24. f3 O-O-O 25. Rd1 Rg8 26. Kd2 e5 27. d5
c5 28. b4 cxb4 29. axb4 Kb7 30. Rf1 Rg2 31. Nd1 Rh2 32. c3 f5 33. Kd3 fxe4+ 34.
fxe4 Bg4 35. Ng1 Bxd1 0-1

[Event "Politiken Cup"]
[Site "Copenhagen"]
[Date "2006.07.23"]
[Round "2.24"]
[White "Adamski, Jan"]
[Black "Bering, Anders"]
[Result "1-0"]
[WhiteElo "2348"]
[BlackElo "2046"]
[PlyCount "81"]
[EventDate "2006.??.??"]

1. c4 Nf6 2. Nf3 e6 3. g3 d5 4. Bg2 Nbd7 5. Qc2 a6 6. b3 Be7 7. O-O O-O 8. Nc3
c6 9. d4 b5 10. c5 Re8 11. Rd1 Nf8 12. a3 Ng6 13. e4 dxe4 14. Nxe4 Nxe4 15.
Qxe4 Bd7 16. h4 f5 17. Qc2 Bf6 18. Bg5 h6 19. Bxf6 gxf6 20. Re1 Ne7 21. Re2 Nd5
22. Ne1 Re7 23. Nd3 Qf8 24. Rae1 Rae8 25. Bxd5 exd5 26. f3 Rxe2 27. Rxe2 Rxe2
28. Qxe2 Qe8 29. Qd2 Kg7 30. Kf2 Qe7 31. Qf4 Bc8 32. Qd6 Qd7 33. Nb4 Qxd6 34.
cxd6 Kf7 35. Nxc6 Ke6 36. Ne7 Bd7 37. Ke3 Kxd6 38. Ng8 Be8 39. Nxh6 Ke6 40. Kf4
Bg6 41. b4 1-0

[Event "Politiken Cup"]
[Site "Copenhagen"]
[Date "2006.07.23"]
[Round "2.25"]
[White "Berry, Neil"]
[Black "Grassie, Duncan"]
[Result "1/2-1/2"]
[WhiteElo "2334"]
[BlackElo "2042"]
[PlyCount "117"]
[EventDate "2006.??.??"]

1. d4 Nf6 2. c4 g6 3. Nc3 d5 4. Nf3 Bg7 5. cxd5 Nxd5 6. e4 Nxc3 7. bxc3 c5 8.
Rb1 O-O 9. Be2 b6 10. O-O Bb7 11. Qd3 cxd4 12. cxd4 Nc6 13. d5 Ne5 14. Nxe5
Bxe5 15. Bh6 Re8 16. f4 Bg7 17. Bxg7 Kxg7 18. Qd4+ Kg8 19. Bb5 Rf8 20. f5 Qd6
21. f6 e6 22. Qe3 Qc5 23. Qxc5 bxc5 24. dxe6 fxe6 25. e5 Bd5 26. Rbc1 Bxa2 27.
Rxc5 Rfc8 28. Rfc1 Rxc5 29. Rxc5 Rb8 30. Ba4 Bd5 31. Rc7 a6 32. h4 a5 33. g3
Be4 34. Kf2 h6 35. g4 g5 36. h5 Kf8 37. Ke3 Bb1 38. Bc6 Kg8 39. Bd7 Ba2 40. Ba4
Bb1 41. Ra7 Be4 42. Rxa5 Ra8 43. Rxa8+ Bxa8 44. Bd1 Bc6 45. Kd4 Kf7 46. Kc5 Be4
47. Kd6 Bd5 48. Bc2 Bc4 49. Be4 Bb3 50. Bf3 Bc4 51. Kc5 Bb3 52. Kb4 Bc2 53. Kc3
Ba4 54. Kd4 Bc2 55. Be2 Bb3 56. Kc5 Bd5 57. Bd1 Be4 58. Kd6 Bd5 59. Be2 1/2-1/2

[Event "Politiken Cup"]
[Site "Copenhagen"]
[Date "2006.07.23"]
[Round "2.26"]
[White "Rasmussen, Casper"]
[Black "Hayes, Stuart"]
[Result "1-0"]
[WhiteElo "2290"]
[BlackElo "2039"]
[PlyCount "63"]
[EventDate "2006.??.??"]

1. d4 Nf6 2. c4 d6 3. Nf3 Nbd7 4. g3 g6 5. Bg2 Bg7 6. O-O O-O 7. Qc2 e5 8. Rd1
Re8 9. Nc3 c6 10. e4 exd4 11. Nxd4 a5 12. Bf4 Ne5 13. b3 Bg4 14. f3 Bd7 15.
Nde2 Qb6+ 16. Kh1 Qf2 17. Rf1 Qc5 18. Qd2 Rad8 19. Be3 Qb4 20. h3 Bc8 21. f4
Ned7 22. Rad1 Nh5 23. Kh2 a4 24. Nxa4 Qxd2 25. Bxd2 f5 26. Ba5 b6 27. Nxb6 Nxb6
28. Bxb6 Rd7 29. e5 dxe5 30. Bxc6 exf4 31. Nxf4 Nxf4 32. Bxd7 1-0

[Event "Politiken Cup"]
[Site "Copenhagen"]
[Date "2006.07.23"]
[Round "2.27"]
[White "Di Paolo, Marco"]
[Black "De Haan, Eric"]
[Result "0-1"]
[WhiteElo "2060"]
[BlackElo "2295"]
[PlyCount "40"]
[EventDate "2006.??.??"]

1. e4 c5 2. Nc3 Nc6 3. f4 g6 4. Nf3 Bg7 5. Bc4 e6 6. f5 Nge7 7. fxe6 fxe6 8.
O-O d5 9. exd5 exd5 10. Bb5 O-O 11. d3 Nd4 12. Bg5 Be6 13. Qe1 Qd6 14. Bxe7
Qxe7 15. Nxd5 Qd6 16. Nc3 Nxc2 17. Qh4 Nxa1 18. Ne4 Qf4 19. Qxf4 Rxf4 20. Nxc5
Rxf3 0-1

[Event "Politiken Cup"]
[Site "Copenhagen"]
[Date "2006.07.23"]
[Round "2.28"]
[White "Rosenkilde, Alexander"]
[Black "Aabling-Thomsen, Jakob"]
[Result "0-1"]
[WhiteElo "2054"]
[BlackElo "2271"]
[PlyCount "51"]
[EventDate "2006.??.??"]

1. d4 g6 2. c4 Bg7 3. Nc3 d6 4. e4 e5 5. Be3 exd4 6. Bxd4 Nf6 7. Nge2 Nc6 8.
Be3 O-O 9. f3 Nd7 10. Nd4 Nde5 11. Be2 Qh4+ 12. g3 Qh3 13. Bf1 Qh5 14. g4 Bxg4
15. fxg4 Nxg4 16. Nxc6 Qh4+ 17. Kd2 bxc6 18. Bg1 Rab8 19. Kc2 Qf6 20. Rc1 Ne5
21. Be3 Nf3 22. Be2 Ng5 23. Rf1 Qe5 24. Bf4 Rxb2+ 25. Kxb2 Rb8+ 26. Qb3 0-1

[Event "Politiken Cup"]
[Site "Copenhagen"]
[Date "2006.07.23"]
[Round "2.29"]
[White "Andreasen, Per"]
[Black "Quinn, David"]
[Result "1-0"]
[WhiteElo "2283"]
[BlackElo "2035"]
[PlyCount "77"]
[EventDate "2006.??.??"]

1. Nf3 Nf6 2. c4 g6 3. g3 Bg7 4. Bg2 O-O 5. O-O d6 6. Nc3 c5 7. d4 Nc6 8. dxc5
dxc5 9. Bf4 Be6 10. Ne5 Nxe5 11. Bxe5 Nd7 12. Bxg7 Kxg7 13. b3 Qa5 14. Nd5 Rad8
15. Nxe7 Ne5 16. Nd5 b5 17. Qc2 bxc4 18. bxc4 f6 19. Rab1 Rb8 20. Rb3 Bd7 21.
f4 Nc6 22. Qb2 Rxb3 23. axb3 Qd8 24. Rd1 Qe8 25. Kf2 Rf7 26. Nc7 Qc8 27. Nb5
Re7 28. Rd6 Re6 29. Qd2 Nd4 30. Rxe6 Nxe6 31. Nd6 Qc7 32. Qd5 Kf8 33. f5 Nd8
34. fxg6 hxg6 35. Ne4 Kg7 36. Qxc5 Nc6 37. Nd6 a6 38. Bxc6 Bxc6 39. Ne8+ 1-0

[Event "Politiken Cup"]
[Site "Copenhagen"]
[Date "2006.07.23"]
[Round "2.30"]
[White "Haugstad, Espen"]
[Black "Roelvaag, Mikael"]
[Result "1-0"]
[WhiteElo "2046"]
[BlackElo "2282"]
[PlyCount "137"]
[EventDate "2006.??.??"]

1. e4 c5 2. Nf3 Nc6 3. d4 cxd4 4. Nxd4 g6 5. Nc3 Bg7 6. Be3 Nf6 7. Nxc6 bxc6 8.
e5 Ng8 9. f4 f6 10. exf6 Nxf6 11. Qd2 Qa5 12. Bc4 Rb8 13. Bb3 d5 14. O-O-O e6
15. Kb1 Qb4 16. h3 a5 17. Rhe1 O-O 18. g4 Bd7 19. a3 Qb7 20. Bc5 Rf7 21. Bd6
Ra8 22. Na4 Ne8 23. Be5 Qb5 24. Bxg7 Nxg7 25. f5 exf5 26. Nc3 Qc5 27. Nxd5 cxd5
28. Qxd5 Qxd5 29. Bxd5 Raf8 30. Re7 Be6 31. Rxe6 Nxe6 32. Bxe6 fxg4 33. hxg4
Kg7 34. Bxf7 Rxf7 35. Rd5 Rf4 36. g5 a4 37. Rd7+ Kg8 38. Rd5 Kg7 39. b4 axb3
40. cxb3 h5 41. gxh6+ Kxh6 42. Kc2 g5 43. a4 g4 44. Rd3 Rf2+ 45. Kc3 Kg5 46. a5
Ra2 47. Kb4 Kf4 48. Rd8 g3 49. Rg8 g2 50. a6 Rxa6 51. Rxg2 Ke4 52. Rg5 Ra8 53.
Rg6 Kd5 54. Kb5 Ra1 55. b4 Ra8 56. Rg4 Rb8+ 57. Ka6 Ra8+ 58. Kb7 Re8 59. b5
Re7+ 60. Ka6 Re1 61. b6 Ra1+ 62. Kb7 Rh1 63. Ka7 Ra1+ 64. Kb8 Rh1 65. Rg2 Rh8+
66. Ka7 Rh1 67. Ra2 Rh7+ 68. b7 Kc6 69. Ka8 1-0

[Event "Politiken Cup"]
[Site "Copenhagen"]
[Date "2006.07.23"]
[Round "2.31"]
[White "Christensen, Stefan"]
[Black "Ertbjerg, Andreas Lund"]
[Result "1-0"]
[WhiteElo "2277"]
[BlackElo "2034"]
[PlyCount "61"]
[EventDate "2006.??.??"]

1. e4 e6 2. d4 d5 3. Nc3 Bb4 4. e5 c5 5. a3 Bxc3+ 6. bxc3 Ne7 7. Qg4 Qc7 8.
Qxg7 Rg8 9. Qxh7 cxd4 10. Ne2 Nbc6 11. f4 dxc3 12. Qd3 Bd7 13. h3 Nf5 14. g4
Nh4 15. Qh7 Nf3+ 16. Kf2 O-O-O 17. Kxf3 d4 18. Kg3 Ne7 19. Qd3 Qb6 20. a4 Nf5+
21. Kh2 Nh4 22. Rg1 Bc6 23. Bg2 Bxg2 24. Rxg2 Nxg2 25. Kxg2 Rh8 26. Ba3 Qc6+
27. Kh2 Qxa4 28. Bd6 Qc6 29. Nxd4 Rxd6 30. exd6 Qc5 31. Ra4 1-0

[Event "Politiken Cup"]
[Site "Copenhagen"]
[Date "2006.07.23"]
[Round "2.32"]
[White "Schmidt, Horst Hubert"]
[Black "Nielsen, Max"]
[Result "0-1"]
[WhiteElo "2042"]
[BlackElo "2267"]
[PlyCount "64"]
[EventDate "2006.??.??"]

1. Nf3 Nf6 2. d4 g6 3. e3 Bg7 4. Be2 O-O 5. O-O d6 6. c4 Nbd7 7. Nc3 e5 8. Qc2
Re8 9. b4 e4 10. Nd2 Qe7 11. a4 Nf8 12. Bb2 Bf5 13. c5 d5 14. b5 c6 15. a5 a6
16. bxc6 bxc6 17. Qa4 Rec8 18. Na2 h5 19. Nb4 Bd7 20. Bxa6 Rc7 21. Be2 N8h7 22.
a6 Ng4 23. Qa5 Rcc8 24. a7 Qh4 25. h3 Ng5 26. hxg4 hxg4 27. Rfb1 Bf6 28. Bc3
Kg7 29. Nf1 Rh8 30. Ng3 Qh2+ 31. Kf1 Qh1+ 32. Nxh1 Rxh1# 0-1

[Event "Politiken Cup"]
[Site "Copenhagen"]
[Date "2006.07.23"]
[Round "2.33"]
[White "Semcesen, Daniel"]
[Black "Strand, Haakon"]
[Result "1-0"]
[WhiteElo "2266"]
[BlackElo "2034"]
[PlyCount "73"]
[EventDate "2006.??.??"]

1. d4 d5 2. c4 Nc6 3. Nf3 Bg4 4. Nc3 dxc4 5. d5 Bxf3 6. gxf3 Na5 7. Qa4+ c6 8.
b4 cxb3 9. axb3 e6 10. Bd2 b6 11. dxc6 Rc8 12. Nb5 a6 13. c7 Qd7 14. e3 Nf6 15.
Rc1 Nc6 16. Qxa6 Bc5 17. Rxc5 bxc5 18. Nd6+ Ke7 19. Nxc8+ Rxc8 20. Bb5 Qxc7 21.
Ke2 Nb4 22. Qa1 Qb7 23. Bc4 Rd8 24. Qa5 Rxd2+ 25. Kxd2 Qxf3 26. Qxc5+ Kd8 27.
Qd4+ Ke7 28. Qa7+ Nd7 29. Rf1 Qf5 30. Kc3 Nc6 31. Qa3+ Kf6 32. Qd6 Qa5+ 33. Kb2
Nde5 34. Ra1 Qb6 35. Kc3 Nxc4 36. Qf4+ Ke7 37. Qxc4 1-0

[Event "Politiken Cup"]
[Site "Copenhagen"]
[Date "2006.07.23"]
[Round "2.34"]
[White "Danielsson, Robert"]
[Black "Lahlum, Hans Olav"]
[Result "1/2-1/2"]
[WhiteElo "2037"]
[BlackElo "2264"]
[PlyCount "50"]
[EventDate "2006.??.??"]

1. d4 d5 2. c4 e6 3. Nc3 c6 4. cxd5 exd5 5. Bf4 Bf5 6. e3 Nf6 7. Bd3 Bg6 8. Nf3
Nbd7 9. O-O Be7 10. Qc2 Bxd3 11. Qxd3 Nh5 12. Be5 O-O 13. Rfe1 f6 14. Bg3 f5
15. Qe2 g6 16. Nd2 Ndf6 17. Bh4 Qd6 18. Bxf6 Bxf6 19. g3 Rae8 20. Qd3 Bg7 21.
f4 Nf6 22. Nf3 Ne4 23. Rab1 Rd8 24. b4 Kh8 25. Rec1 b6 1/2-1/2

[Event "Politiken Cup"]
[Site "Copenhagen"]
[Date "2006.07.23"]
[Round "2.35"]
[White "Nielsen, Jens Holm"]
[Black "Hanssen, Gunnar Berg"]
[Result "0-1"]
[WhiteElo "2034"]
[BlackElo "2254"]
[PlyCount "62"]
[EventDate "2006.??.??"]

1. f4 d5 2. Nf3 Nf6 3. e3 g6 4. b3 Bg7 5. Bb2 O-O 6. Be2 c5 7. O-O Nc6 8. Ne5
Qc7 9. Nxc6 Qxc6 10. Bf3 b6 11. d3 Bb7 12. Qe1 Rad8 13. Nd2 Ne8 14. Bxg7 Nxg7
15. e4 Qf6 16. g3 Qc3 17. Qc1 Ne6 18. e5 Nd4 19. Bd1 c4 20. Rf2 Rc8 21. bxc4
dxc4 22. Nxc4 Rxc4 23. dxc4 Qe1+ 24. Rf1 Ne2+ 25. Bxe2 Qxe2 26. Rf2 Qe4 27. Kf1
Qxc4+ 28. Ke1 Rd8 29. c3 Ba6 30. Qe3 Rd3 31. Qe2 Qxc3+ 0-1

[Event "Politiken Cup"]
[Site "Copenhagen"]
[Date "2006.07.23"]
[Round "2.36"]
[White "Wustefeld, Carl"]
[Black "Frisk, Hans"]
[Result "1-0"]
[WhiteElo "2248"]
[BlackElo "2032"]
[PlyCount "121"]
[EventDate "2006.??.??"]

1. e4 e5 2. Nc3 Nf6 3. f4 d5 4. fxe5 Nxe4 5. Qf3 Nc6 6. Bb5 Nxc3 7. dxc3 Qh4+
8. g3 Qe4+ 9. Qxe4 dxe4 10. Ne2 Bc5 11. Rf1 O-O 12. Bxc6 bxc6 13. Rf4 f5 14.
exf6 Rxf6 15. Rxf6 gxf6 16. Bf4 Bg4 17. Bxc7 Rc8 18. Ba5 Bd6 19. Rd1 Be5 20. b3
h5 21. c4 h4 22. Kf2 hxg3+ 23. hxg3 Kf7 24. Rh1 Rg8 25. Rh7+ Rg7 26. Rxg7+ Kxg7
27. Be1 Kf7 28. Ke3 Ke6 29. Bf2 a6 30. a4 f5 31. Kd2 Bh5 32. Nc1 f4 33. gxf4
Bxf4+ 34. Be3 Bc7 35. b4 Be8 36. Ne2 Kf5 37. Nd4+ Ke5 38. Bf2 Kf4 39. Bg1 Kg4
40. Ne6 Bf4+ 41. Be3 Be5 42. Nc5 Kf3 43. Nxa6 Bf7 44. Nc5 Bxc4 45. Bg1 Bd6 46.
Kc3 Bxc5 47. Bxc5 Ba6 48. Kd4 e3 49. Be7 Bc8 50. Kc5 Ke4 51. Bh4 e2 52. Bf2 Kf3
53. Be1 Ke3 54. Kxc6 Kd4 55. b5 Bf5 56. c3+ Kc4 57. b6 Be4+ 58. Kc7 Ba8 59. b7
Bxb7 60. Kxb7 Kc5 61. a5 1-0

[Event "Politiken Cup"]
[Site "Copenhagen"]
[Date "2006.07.23"]
[Round "2.37"]
[White "Valla, Martin"]
[Black "Christensen, Bo Garner"]
[Result "1/2-1/2"]
[WhiteElo "2034"]
[BlackElo "2247"]
[PlyCount "120"]
[EventDate "2006.??.??"]

1. d4 Nf6 2. c4 g6 3. Nc3 Bg7 4. e4 d6 5. Nf3 O-O 6. Be2 e5 7. O-O Nc6 8. d5
Ne7 9. Ne1 Nd7 10. Nd3 f5 11. Bd2 c5 12. Rb1 Nf6 13. f3 a5 14. a3 a4 15. Nf2
Bd7 16. b4 axb3 17. Qxb3 Nh5 18. g3 Ra7 19. Qb6 Qb8 20. Nb5 Nc8 21. Qc7 Qxc7
22. Nxc7 Rxa3 23. Ra1 Rxa1 24. Rxa1 Nf6 25. Rb1 b6 26. Na8 fxe4 27. fxe4 Ba4
28. Rb2 Rd8 29. Nxb6 Nxb6 30. Rxb6 Bc2 31. Bf3 h6 32. Rb2 Ba4 33. Ng4 h5 34.
Nxf6+ Bxf6 35. Ba5 Ra8 36. Bc7 Ra6 37. Ra2 Be7 38. Bd1 Bb5 39. Rxa6 Bxa6 40.
Bb3 Kf7 41. Kf2 Bf8 42. Kf3 Ke7 43. g4 Bc8 44. gxh5 gxh5 45. Kg3 Bg4 46. Ba5
Bh6 47. h4 Bc1 48. Kf2 Ba3 49. Bc2 Bb4 50. Bc7 Kd7 51. Bb6 Bc3 52. Bd3 Bd2 53.
Be2 Bxe2 54. Kxe2 Bb4 55. Kf2 Kc8 56. Ke2 Bc3 57. Kf2 Bd2 58. Ke2 Bh6 59. Ba5
Bf8 60. Kd3 Be7 1/2-1/2